Analýza podnikateľského plánu podniku v leteckom priemysle bakalárska práca

Saved in:
Bibliographic Details
Main Author: Tomášik, Matúš
Corporate Author: Obchodná fakulta EU. Katedra marketingu
Other Authors: Zaujecová, Dáša
Format: Book
Language:Slovak
Published: Bratislava 2011
Tags: Add Tag
No Tags, Be the first to tag this record!

MARC

LEADER 00000nbm a2200000 4500
001 0150939
005 20120523130927.0
041 0 |a slo 
044 |a SK 
245 1 0 |a Analýza podnikateľského plánu podniku v leteckom priemysle  |b bakalárska práca  |c Matúš Tomášik ; školiteľ: Dáša Zaujecová 
264 1 |a Bratislava  |c 2011 
300 |a 49 s. 
100 1 |a Tomášik, Matúš 
700 1 |a Zaujecová, Dáša 
710 2 |a Obchodná fakulta EU. Katedra marketingu